| 000 | 00370nam a22001577a 4500 | ||
|---|---|---|---|
| 020 | _a8190377507 | ||
| 082 |
_aH4 _bANU/A |
||
| 100 | _aAnupam Misra | ||
| 245 |
_aAaj bhi khare hein: _bTalab/ _cAnupam Misra |
||
| 260 |
_aDelhi: _bAksharashilpi, _c2010. |
||
| 300 | _a87p. | ||
| 650 | _aEssays Hindi | ||
| 650 | _aLiterature Hindi | ||
| 650 | _aLiterature | ||
| 942 | _cBK | ||
| 999 |
_c59032 _d59032 |
||